Využitie Bayesovských metód pri analýze dostupnosti zdravotnej starostlivosti na Slovensku

Analýza nedostupnosti zdravotnej starostlivosti na základe ukazovateľov z výberového zisťovania EHIS. Možnosti aplikácie Bayesovských metód pri odhade podielu obyvateľov SR, ktorí majú problém s dostupnosťou zdravotnej starostlivosti.

Salvato in:
Dettagli Bibliografici
Autore principale: Kotlebová, Eva
Natura: Capitolo di libro
Lingua:slovacco
Soggetti:
Tags: Aggiungi Tag
Nessun Tag, puoi essere il primo ad aggiungerne!!

MARC

LEADER 00000naa a2200000 4500
001 0234547
005 20240502073813.1
041 0 |a slo 
044 |a SK 
245 1 0 |a Využitie Bayesovských metód pri analýze dostupnosti zdravotnej starostlivosti na Slovensku  |c Eva Kotlebová 
520 |a Analýza nedostupnosti zdravotnej starostlivosti na základe ukazovateľov z výberového zisťovania EHIS. Možnosti aplikácie Bayesovských metód pri odhade podielu obyvateľov SR, ktorí majú problém s dostupnosťou zdravotnej starostlivosti. 
610 2 0 |a Slovensko 
610 2 0 |a starostlivosť zdravotná 
610 2 0 |a metódy štatistické 
610 2 0 |a modely štatistické 
610 2 0 |a zisťovanie štatistické 
610 2 0 |a zisťovanie výberové 
100 1 |a Kotlebová, Eva